[Event "Sao Paulo Hebraica op 28th"]
[Site "Sao Paulo"]
[Date "2022.01.16"]
[Round "6"]
[White "Barros, Jardel Teti"]
[Black "Dias, Marcelo de Souza"]
[Result "0-1"]
[WhiteElo "1419"]
[BlackElo "1840"]
[PlyCount "50"]
[EventDate "2022.01.14"]
[EventType "swiss"]
[EventRounds "6"]
[EventCountry "BRA"]
[SourceTitle "CBM 206 Extra"]
[Source "ChessBase"]
[SourceDate "2022.03.31"]
[SourceVersion "1"]
[SourceVersionDate "2022.03.31"]
[SourceQuality "1"]

1. e4 c5 2. Nf3 e6 3. d4 cxd4 4. Nxd4 Nc6 5. Nc3 Nf6 6. Be2 Bb4 7. Nxc6 bxc6 8. Qd3 d5 9. exd5 exd5 10. 0-0 0-0 11. Bg5 Re8 12. Bxf6 Qxf6 13. Nxd5 cxd5 14. Qxd5 Bf5 15. c3 Rad8 16. Qb5 Bf8 17. Bf3 Bg6 18. Rac1 Bd3 19. Qa4 Bxf1 20. Rxf1 Qb6 21. Bc6 Re2 22. b4 Rdd2 23. Bb5 Rxf2 24. Rxf2 Qxf2+ 25. Kh1 Qxg2# 0-1

[Event "Sao Paulo STD U2200 op 5th"]
[Site "Sao Paulo"]
[Date "2019.08.30"]
[Round "1"]
[White "Gomes, Joao Paulo Santos"]
[Black "Dias, Marcelo de Souza"]
[Result "0-1"]
[WhiteElo "1538"]
[BlackElo "1852"]
[PlyCount "98"]
[EventDate "2019.08.30"]
[EventType "swiss"]
[EventRounds "6"]
[EventCountry "BRA"]
[SourceTitle "CBM 195 Extra"]
[Source "ChessBase"]
[SourceDate "2020.05.31"]
[SourceVersion "1"]
[SourceVersionDate "2020.05.31"]
[SourceQuality "1"]

1. c4 c5 2. Nc3 g6 3. g3 Bg7 4. Bg2 Nc6 5. Nf3 e5 6. 0-0 Nge7 7. Rb1 0-0 8. a3 a5 9. e4 d6 10. d3 Bg4 11. Ne2 f5 12. Nd2 f4 13. f3 Be6 14. Rf2 Qd7 15. Nf1 g5 16. g4 Ng6 17. Bd2 a4 18. b3 axb3 19. Rxb3 Nh4 20. Qb1 Rfb8 21. Bc3 Ra7 22. Nc1 Rba8 23. Rfb2 Nd8 24. Ra2 Bf6 25. h3 Nc6 26. Ne2 Bd8 27. Be1 Ng6 28. Bf2 b6 29. Nc3 Ra6 30. Nd5 Bxd5 31. exd5 Nd4 32. Bxd4 exd4 33. Nd2 Ne5 34. Ne4 Kg7 35. Kf2 Kg6 36. Bf1 Bc7 37. Be2 Qd8 38. Nc3 Qe7 39. Nb5 Bd8 40. Qb2 h5 41. Qc1 hxg4 42. hxg4 Nd7 43. Ra1 Qe3+ 44. Qxe3 dxe3+ 45. Kg2 Bf6 46. Ra2 Rh8 47. Nxd6 Raa8 48. Nf5 Rh7 49. Kf1 Rh1+ 0-1

[Event "Hebraica op 26th"]
[Site "Hebraica"]
[Date "2019.01.12"]
[Round "4"]
[White "Da Rosa, Henrique Jaze Simoe"]
[Black "Dias, Marcelo de Souza"]
[Result "0-1"]
[WhiteElo "1675"]
[BlackElo "1837"]
[PlyCount "72"]
[EventDate "2019.01.11"]
[EventType "swiss"]
[EventRounds "6"]
[EventCountry "BRA"]
[SourceTitle "EXT 2020"]
[Source "ChessBase"]
[SourceDate "2019.10.17"]
[SourceVersion "1"]
[SourceVersionDate "2019.10.17"]
[SourceQuality "1"]

1. Nf3 Nf6 2. c4 e6 3. g3 g6 4. b3 Bg7 5. Bb2 0-0 6. Bg2 d5 7. 0-0 c6 8. d3 Nbd7 9. Nbd2 a5 10. a3 Re8 11. d4 a4 12. b4 dxc4 13. Nxc4 Nb6 14. Nfe5 Nxc4 15. Nxc4 Nd5 16. e4 Nb6 17. Qd3 e5 18. Rfd1 exd4 19. Bxd4 Bxd4 20. Qxd4 Qxd4 21. Rxd4 Nxc4 22. Rxc4 Rd8 23. Bf1 Be6 24. Rc3 Rd4 25. Re1 Rad8 26. Kg2 Rd2 27. Re2 Rxe2 28. Bxe2 Rd2 29. Bc4 Bxc4 30. Rxc4 Rd3 31. Rc5 Rxa3 32. b5 cxb5 33. Rxb5 Rb3 34. Ra5 a3 35. Kf1 b5 36. Ke1 b4 0-1

[Event "Sao Paulo ECP Etapa Sigismund Gansl"]
[Site "Sao Paulo"]
[Date "2018.05.18"]
[Round "1.1"]
[White "Martins, Andre Giacomazzi"]
[Black "Dias, Marcelo de Souza"]
[Result "1-0"]
[WhiteElo "1494"]
[BlackElo "1876"]
[PlyCount "97"]
[EventDate "2018.05.18"]
[EventType "swiss"]
[EventRounds "6"]
[EventCountry "BRA"]
[SourceTitle "EXT 2022"]
[Source "ChessBase"]
[SourceDate "2021.10.06"]
[SourceVersion "1"]
[SourceVersionDate "2021.10.06"]
[SourceQuality "1"]

1. d4 g6 2. e4 Bg7 3. Nf3 c5 4. c3 cxd4 5. cxd4 d5 6. e5 Nh6 7. Nh4 Nc6 8. Be3 e6 9. g3 f6 10. f4 0-0 11. Be2 fxe5 12. fxe5 Bd7 13. Qd2 Nf5 14. Nxf5 Rxf5 15. Nc3 a6 16. Bg4 Rf8 17. Rf1 Qe7 18. a3 Na5 19. Bg5 Rxf1+ 20. Kxf1 Rf8+ 21. Kg2 Qf7 22. Qe2 h6 23. Be3 Nc4 24. b3 Nxe3+ 25. Qxe3 h5 26. Bh3 Kh7 27. Kg1 Bh6 28. Qe2 Qe7 29. b4 h4 30. Rf1 Rxf1+ 31. Kxf1 hxg3 32. hxg3 Qg5 33. Kf2 Qe7 34. Qg4 Bc1 35. Nxd5 exd5 36. Qxd7 Qxd7 37. Bxd7 Bxa3 38. Bc8 Bxb4 39. Bxb7 a5 40. Bxd5 Kg7 41. Bb3 g5 42. g4 Kf8 43. Ke3 Ke7 44. Ke4 Bc3 45. d5 Bd2 46. d6+ Kd7 47. Kd5 Bb4 48. e6+ Kd8 49. e7+ 1-0

[Event "Paulista-ch"]
[Site "Sao Paulo"]
[Date "2016.11.??"]
[Round "2"]
[White "Hoshino, Meilin"]
[Black "Dias, Marcelo de Souza"]
[Result "0-1"]
[WhiteElo "1297"]
[BlackElo "1873"]
[PlyCount "108"]
[EventDate "2016.11.09"]
[EventType "swiss"]
[EventRounds "6"]
[EventCountry "BRA"]
[SourceTitle "EXT 2022"]
[Source "ChessBase"]
[SourceDate "2021.10.06"]
[SourceVersion "1"]
[SourceVersionDate "2021.10.06"]
[SourceQuality "1"]

1. d4 g6 2. c4 Bg7 3. f3 c5 4. d5 d6 5. e4 Qa5+ 6. Nd2 Nf6 7. Bd3 0-0 8. Ne2 a6 9. 0-0 b5 10. Qc2 Nbd7 11. a4 b4 12. Nb3 Qc7 13. Be3 a5 14. Bf2 Ne5 15. Rfd1 Nfd7 16. Ra2 Ba6 17. Nd2 b3 18. Qxb3 Rab8 19. Qc2 Nxd3 20. Qxd3 Bxb2 21. Nc3 Ne5 22. Qc2 Bxc3 23. Qxc3 Rb4 24. Be3 f6 25. Rc1 Nxc4 26. Nxc4 Rxc4 27. Qd2 Rb8 28. Rxc4 Bxc4 29. Rb2 Rb4 30. Qc2 Qb6 31. Rxb4 Qxb4 32. Bd2 Qb3 33. Qxb3 Bxb3 34. Bxa5 Kf7 35. Kf2 Bxa4 36. g4 e6 37. dxe6+ Kxe6 38. Ke3 Bd1 39. h4 f5 40. exf5+ gxf5 41. Kf4 fxg4 42. fxg4 d5 43. g5 d4 44. Ke4 Bc2+ 45. Kf3 Kd5 46. Ke2 c4 47. Kd2 Bg6 48. Bb6 c3+ 49. Ke2 Kc4 50. Bc7 d3+ 51. Kf2 d2 52. Ke2 Bh5+ 53. Kf2 d1Q 54. Kg2 c2 0-1

[Event "Sao Paulo op-B 3rd"]
[Site "Sao Paulo"]
[Date "2015.09.17"]
[Round "1"]
[White "Dias, Marcelo de Souza"]
[Black "Chi, Haur Wu"]
[Result "1-0"]
[WhiteElo "1863"]
[BlackElo "1774"]
[PlyCount "91"]
[EventDate "2015.09.17"]
[EventType "swiss"]
[EventRounds "6"]
[EventCountry "BRA"]
[SourceTitle "EXT 2016"]
[Source "ChessBase"]
[SourceDate "2015.10.08"]
[SourceVersion "1"]
[SourceVersionDate "2015.10.08"]
[SourceQuality "1"]

1. d4 d5 2. c4 e6 3. cxd5 exd5 4. Nc3 c6 5. Bf4 Nf6 6. e3 Bg4 7. Qb3 Qb6 8. Bd3 Nbd7 9. Nge2 Qxb3 10. axb3 Bb4 11. h3 Bh5 12. 0-0 0-0 13. Rfc1 Rfe8 14. Bh2 Ne4 15. Nf4 Bg6 16. Nxg6 hxg6 17. Nxe4 dxe4 18. Be2 a6 19. Rc4 a5 20. d5 cxd5 21. Rc7 Nc5 22. Rd1 Rac8 23. Rxd5 Rxc7 24. Bxc7 Rc8 25. Bd6 Rd8 26. Rxc5 Rxd6 27. Rc8+ Kh7 28. Rc2 Rd2 29. Rxd2 Bxd2 30. Kf1 Bc1 31. Bc4 f5 32. Ke2 Bxb2 33. f3 exf3+ 34. gxf3 g5 35. Bd3 g6 36. e4 f4 37. Bb5 Kg7 38. Kd3 Kf6 39. Kc4 b6 40. Kd5 Ba1 41. Ba4 Be5 42. Be8 Bc7 43. Kc6 Bd8 44. Kd7 Be7 45. e5+ Kf5 46. Kxe7 1-0

[Event "Mogi das Cruzes Catropa Memorial"]
[Site "Mogi das Cruzes"]
[Date "2014.09.07"]
[Round "6"]
[White "Freire, Airon"]
[Black "Dias, Marcelo de Souza"]
[Result "0-1"]
[WhiteElo "1545"]
[BlackElo "1836"]
[PlyCount "64"]
[EventDate "2014.09.05"]
[EventType "swiss"]
[EventRounds "6"]
[EventCountry "BRA"]
[SourceTitle "CBM 162 Extra"]
[Source "ChessBase"]
[SourceDate "2014.10.17"]
[SourceVersion "1"]
[SourceVersionDate "2014.10.17"]
[SourceQuality "1"]

1. d4 g6 2. Bg5 Bg7 3. c4 c5 4. e3 Nf6 5. Bxf6 Bxf6 6. h4 Nc6 7. h5 cxd4 8. hxg6 hxg6 9. Rxh8+ Bxh8 10. Qc2 Qa5+ 11. Nd2 dxe3 12. fxe3 Qb6 13. Qe4 Qxb2 14. Rb1 Qxa2 15. Qh4 Bc3 16. Ngf3 Qxb1+ 17. Kf2 Qf5 18. Qh7 Kd8 19. g4 Qxg4 20. Bh3 Qh5 21. Qg8+ Kc7 22. Ne4 Bf6 23. Bxd7 Kxd7 24. Nxf6+ exf6 25. Qxf7+ Ne7 26. Qxf6 Qf5 27. Qd4+ Ke8 28. e4 Qf7 29. Ke3 Nf5+ 30. exf5 Bxf5 31. Ng5 Qe7+ 32. Kf4 Rd8 0-1